000 00878nam a2200229 a 4500
001 000373102
003 AM-YeHGA
005 20250618072300.0
008 041025s1916 ai 000 | arm d
040 _aAM-YeHGA
041 1 _aarm
_hrus
100 1 _aՏագոր, Ռաբինդրանատ
245 1 0 _aՄահիկը /
_cՌ. Տագոր; Թարգմ. ռուս.՝ Հ. Թումանեան.
260 _aԹիֆլիս :
_bտպ. Ն. Աղանեանի,
_c1916.
300 _a48 էջ :
_bնկ. ;
_c18 սմ.
440 2 _a"Նւէր մանուկներին"
_v№ 30
500 _aՅաւելւած «Հասկեր» ամսագրի
500 _aՏողատ. ծանոթ.
650 1 4 _aՀնդկական մանկական գրականություն
_xՊատմվածք
700 1 _aԹումանյան, Հովհաննես Թադևոսի,
_d1869-1923
_eթարգմ.
_4trl
_91108
090 _c143939
999 _c142558
_d142558